Zásady daňového procesu pred obcou
Daňové konanie pred obcou sa riadi jasnými pravidlami, ktoré majú chrániť práva daňového subjektu a zároveň zabezpečiť spravodlivé rozhodovanie obce. Tento článok vysvetľuje, ako majú obce pri správe miestnych daní postupovať a aké základné zásady musia dodržiavať pri uplatňovaní platnej právnej úpr...
Guardado en:
| Autor principal: | |
|---|---|
| Formato: | Capítulo de libro |
| Lenguaje: | eslovaco |
| Materias: | |
| Etiquetas: |
Sin Etiquetas, Sea el primero en etiquetar este registro!
|
MARC
| LEADER | 00000naa a2200000 4500 | ||
|---|---|---|---|
| 001 | 0312504 | ||
| 005 | 20250929100017.5 | ||
| 041 | 0 | |a slo | |
| 044 | |a SK | ||
| 245 | 1 | 0 | |a Zásady daňového procesu pred obcou |c Ladislav Hrtánek |
| 520 | |a Daňové konanie pred obcou sa riadi jasnými pravidlami, ktoré majú chrániť práva daňového subjektu a zároveň zabezpečiť spravodlivé rozhodovanie obce. Tento článok vysvetľuje, ako majú obce pri správe miestnych daní postupovať a aké základné zásady musia dodržiavať pri uplatňovaní platnej právnej úpravy. | ||
| 610 | 2 | 0 | |a konanie daňové |
| 610 | 2 | 0 | |a obce |
| 610 | 2 | 0 | |a subjekty daňové |
| 610 | 2 | 0 | |a dane |
| 610 | 2 | 0 | |a kontrola daňová |
| 610 | 2 | 0 | |a zamestnanci |
| 100 | 1 | |a Hrtánek, Ladislav | |